| 000 | 00469nam a22001697a 4500 | ||
|---|---|---|---|
| 003 | CEME | ||
| 005 | 20210628202003.0 | ||
| 008 | 210129b xxu||||| |||| 00| 0 eng d | ||
| 040 | _c. | ||
| 082 | _a641.692 SHI | ||
| 100 |
_aDr. Shikha Sharma,Shikha Sharma, Dr,Gupta, Niru _957724 |
||
| 245 | _aThe weight loss cookbook | ||
| 260 |
_aNEW DELHI _bISLAMIC PUBLICATIONS,VALUE BOOKS _c2002 |
||
| 300 | _a141P | ||
| 650 |
_aWEIGHT LOSS COOKBOOK _957725 |
||
| 942 |
_cBK _2ddc |
||
| 999 |
_c567994 _d567994 |
||